Statistics for Wicked The Musical

Click here to take the quiz!

General Stats

  • This quiz has been taken 103 times
  • The average score is 6 of 8

Answer Stats

HintAnswer% Correct
What skin colour is Elphaba?Green
100%
Who originally played Elphaba?Idina Menzel
95%
Who is Elphaba's sister?Nessa
91%
What colour is Glinda's dress?Blue
87%
What colour are the dragon's eyes?Red
86%
What song does Glinda and Elphaba sing when they become room mates ?What is this feeling?
78%
Who created the music and lyrics for the musical?Stephen Schwartz
56%
Who originally played Glinda?Kirsten Chenoweth
41%

Score Distribution

Percentile by Number Answered

Percent of People with Each Score

Your Score History

You have not taken this quiz